00573nam a2200169Ia 450000500170000000800410001702000150005808200130007310000150008624500480010126000400014930000120018950000830020194200060028495200980029099900150038820250521034118.0240331s9999 xx 000 0 und d a9552025591 bMAHa302 aMahendra,S 0aThahanam nirmana saha sannivedana thahanchi aColombobS, Godage & Brothersc2001 a77 p ., aA Collection of Illustrative Commentary on Design and Communication Techniques cL 001040708LaWERCLbWERCLcSSCd2024-03-31l0o 302.23 MAHp6041r2024-03-31w2024-03-31yL c5058d5058